Sine Proprio Estudio histr̤ico-jurd̕ico del voto de pobreza de los religiosos /

Bibliographic Details
Main Author: Campo Ibę̀z, Miguel
Format: eBook
Language:Spanish
Published: Madrid: Dykinson, 2021
Subjects:
Online Access:Acceso restringido

MARC

LEADER 00000nam a22000007a 4500
005 20220412230850.0
007 cr|||| ||||
008 220412s2021 co |||||s|||| 00||0 spa d
020 |a 978-84-1377-487-9 
035 |a 35080 
040 |a vLex 
090 |c 13179  |d 13179 
100 1 |a Campo Ibę̀z, Miguel 
245 1 0 |a Sine Proprio  |h [Recurso electrn̤ico] :  |b Estudio histr̤ico-jurd̕ico del voto de pobreza de los religiosos /  |c Miguel Campo Ibę̀z 
256 |a Servicio en ln̕ea 
260 |a Madrid:  |b Dykinson,  |c 2021 
300 |a 1 recurso electrn̤ico 
506 1 |a Disponible solo en los productos indicados  |d vLex Global  |d vLex Global (Academic Edition, excluding Law Schools)  |d vLex Global (U.S. Academic Edition, Law Schools)  |d vLex Global (U.S. Academic Edition, excluding Law Schools)  |d vLex Global (Academic Edition, Law Schools) 
650 0 4 |a Ciencias sociales  |z Espaą 
740 0 |a vLex Libros (Servicio en ln̕ea) 
856 4 0 |u https://app.vlex.com/#/sources/35080  |z Acceso restringido 
942 |c BOOK 
999 0 |a Social Sciences